000 00683nam a2200241Ia 4500
003 GCL
008 140319s9999 xx 000 0 ara d
040 _aGCL /
_cGCL
082 0 4 _a387.03
_bا م
100 1 _aاحمد البشر الرومى
245 1 0 _aمعجم المصطلحات البحرية فى الكويت /
_cاحمد البشر الرومى
300 _a274 ص
490 _a
650 0 4 _aالكويت
650 0 4 _aالمعاجم
650 0 4 _aالملاحة
650 0 4 _aالبحرية
650 0 4 _aالحيوانات البحرية
650 0 4 _aالسفن
650 0 4 _aالحياة البحرية
650 0 4 _aالبحارة
942 _2ddc
_cBK
999 _c46669
_d46669